000 00321nam a22001457a 4500
003 SGT
082 _a611
_bI18B
100 _aBHUIYAN, PRITHA S.
245 _aINDERBIR SINGH'S TB. OF HUMAN NEUROANATOMY
250 _a10TH
260 _aINDIA
_bJAYPEE
_c2018
300 _a273
650 _aANATOMY
942 _2ddc
_cBK
_0132
999 _c13977
_d13977